World Capitals Closest to Jakarta - One Minute Sprint - Statistics

General Stats
  • This quiz has been taken 57 times
    27 since last reset
  • The average score is 13 of 20
Answer Stats
km capital miles % Correct
1188 Kuala Lumpur 738
100%
898 Singapore 558
100%
2327 Bangkok 1446
92%
2082 Dili 1294
88%
2795 Manila 1736
88%
1988 Phnom Penh 1235
88%
3034 Hanoi 1885
84%
1528 Bandar Seri Begawan 949
76%
5222 Beijing 3245
72%
2731 Vientiane 1697
72%
5014 New Delhi 3115
68%
4459 Port Moresby 2771
60%
3121 Naypyidaw 1939
56%
3789 Dhaka 2354
40%
3829 Taipei 2379
40%
3882 Malé 2412
36%
3328 Colombo 2068
32%
4428 Kathmandu 2752
32%
4182 Thimphu 2599
32%
3441 Ngerulmud 2138
24%
No matching quizzes found
Score Distribution
Percent of People with Each Score
Percentile by Number Answered
Your Score History
You have not taken this quiz since the last reset